Books About Cats - Statistics

General Stats
  • This quiz has been taken 23 times
  • The average score is 3 of 14
Answer Stats
Author Title % Correct
Dr. Seuss The Cat in the Hat
90%
Colette The Cat
43%
Judith Kerr Mog the Forgetful Cat
38%
Edgar Allen Poe The Black Cat
38%
T.S. Eliot Old Possum's Book of Practical Cats
24%
Erin Hunter Warrior Cats
19%
James Bowen A Street Cat Named Bob
14%
Robert Westall Blitzcat
14%
Akif Pirincci Felidae
10%
A.N. Wilson Stray
10%
H.P. Lovecraft The Cats of Ulthar
10%
Rudyard Kipling The Cat that Walked by Himself
10%
Takashi Hiraide The Guest Cat
10%
S.F. Said Varjak Paw
10%
No matching quizzes found
Score Distribution
Percent of People with Each Score
Percentile by Number Answered
Your Score History
You have not taken this quiz